| 000 | 00600nam a22002297a 4500 | ||
|---|---|---|---|
| 003 | UA-OsUOA | ||
| 001 | 79801 | ||
| 007 | ta | ||
| 008 | 20111121b un ||||| |||| 00| 0 ukr d | ||
| 100 | _aПрокушев Ю. | ||
| 090 |
_a821.161.1 _bП80 |
||
| 942 | _cBK | ||
| 040 |
_aUA-OsUOA _brus _cUA-OsUOA _dUA-OsUOA |
||
| 245 |
_aСергей Есенин _bОбраз. Стихи. Эпоха |
||
| 300 | _a384 с. | ||
| 955 | _a3 | ||
| 041 | _arus | ||
| 080 | _a821.161.1 | ||
| 260 |
_aМ. _c1978 |
||
| 650 | 7 |
_a82 Література. Літературознавство _2UDC |
|
| 999 |
_c366151 _d366151 |
||